[Event "2nd International Chess Festiv"]
[Site "Paracin"]
[Date "2009.08.20"]
[Round "2.1"]
[White "Kasparov, Sergey"]
[Black "Markovic, Marko"]
[Result "1-0"]
[WhiteElo "2487"]
[BlackElo "2312"]
[PlyCount "59"]
[EventDate "2009.08.19"]

1. d4 Nf6 2. Nf3 c5 3. e3 e6 4. c4 cxd4 5. exd4 d5 6. Nc3 Be7 7. cxd5 Nxd5 8.
Bd3 O-O 9. O-O Nc6 10. Re1 Ncb4 11. Bb1 Bd7 12. a3 Nxc3 13. bxc3 Nd5 14. c4 Nb6
15. Qd3 g6 16. Bh6 Re8 17. Ne5 Bf6 18. Ba2 Rc8 19. Rac1 Bc6 20. Qe3 Bg7 21. Bg5
Bf6 22. h4 Bxg5 23. hxg5 f6 24. gxf6 Qxf6 25. Ng4 Qh4 26. Qf4 Kg7 27. d5 exd5
28. Qd4+ Kf8 29. cxd5 Nxd5 30. Qh8+ 1-0

[Event "2nd International Chess Festiv"]
[Site "Paracin"]
[Date "2009.08.20"]
[Round "2.2"]
[White "Rossi, Aldo A"]
[Black "Stanojoski, Zvonko"]
[Result "1/2-1/2"]
[WhiteElo "2311"]
[BlackElo "2283"]
[PlyCount "106"]
[EventDate "2009.??.??"]

1. d4 Nf6 2. c4 c5 3. d5 b5 4. Nf3 bxc4 5. Nc3 g6 6. e4 d6 7. e5 dxe5 8. Nxe5
Bg7 9. Bxc4 O-O 10. O-O Nfd7 11. Nxf7 Rxf7 12. d6 Nb6 13. dxe7 Qxe7 14. Re1
Qxe1+ 15. Qxe1 Nxc4 16. Qe4 Nb6 17. Be3 Na6 18. Nd5 Nxd5 19. Qxd5 Bb7 20. Qb3
Rc8 21. Rd1 Nb8 22. Qe6 Bf8 23. h4 Rc6 24. Qe8 Na6 25. Rd8 Nc7 26. Qe5 Ne6 27.
Rb8 Rb6 28. Bh6 Rf5 29. Qc3 Bd5 30. Rxf8+ Rxf8 31. Bxf8 Kxf8 32. Qf6+ Kg8 33.
b3 Rb7 34. Qe5 Rd7 35. f3 Kf7 36. h5 c4 37. hxg6+ hxg6 38. bxc4 Bxc4 39. Qe4
Bd5 40. Qa4 Rb7 41. Kh2 Kf6 42. Kg3 Rb2 43. Qxa7 Rxa2 44. Qb8 g5 45. Qh8+ Ke7
46. Qe5 Bc4 47. Qe1 Bd5 48. Qc1 Kf7 49. Qc8 Rd2 50. Qc3 Rd4 51. Qc2 Nf4 52.
Qf5+ Ke8 53. Qxg5 Ne6 1/2-1/2

[Event "2nd International Chess Festiv"]
[Site "Paracin"]
[Date "2009.08.20"]
[Round "2.3"]
[White "Abramovic, Bosko"]
[Black "Dinic, Dragan"]
[Result "1-0"]
[WhiteElo "2465"]
[BlackElo "2310"]
[PlyCount "115"]
[EventDate "2009.??.??"]

1. d4 Nf6 2. c4 e5 3. dxe5 Ng4 4. Nf3 Bc5 5. e3 Nc6 6. Nc3 Ngxe5 7. Be2 Nxf3+
8. Bxf3 Ne5 9. Be2 O-O 10. O-O Re8 11. b3 a5 12. Na4 Bf8 13. e4 Nc6 14. f3 d6
15. Bd3 Be7 16. Bb2 Bf6 17. Qd2 Bxb2 18. Qxb2 Bd7 19. Nc3 Qf6 20. Rf2 Ne5 21.
Nd5 Qd8 22. Bf1 Bc6 23. Ne3 Nd7 24. Rd1 Qf6 25. Qc2 Nc5 26. a3 Ne6 27. Nd5 Qd8
28. Ne3 Qf6 29. Qb2 Qxb2 30. Rxb2 b6 31. Kf2 Ra7 32. h4 g6 33. g3 Kf8 34. Bh3
Ke7 35. h5 Ng5 36. Bg2 Ne6 37. Nd5+ Bxd5 38. cxd5 Nc5 39. Bf1 Rf8 40. Bb5 Nd7
41. hxg6 hxg6 42. Rh1 Raa8 43. Rc2 Ra7 44. Ke3 Ne5 45. f4 Nd7 46. Kd4 Rd8 47.
g4 Ne5 48. Rc3 Nd7 49. g5 Rg8 50. Bxd7 Kxd7 51. Rh7 Rf8 52. e5 dxe5+ 53. fxe5
Ke8 54. Rc6 Kd8 55. Ke4 Ra8 56. e6 fxe6 57. dxe6 Rc8 58. Rd7+ 1-0

[Event "2nd International Chess Festiv"]
[Site "Paracin"]
[Date "2009.08.20"]
[Round "2.4"]
[White "Popovic, Djordje D"]
[Black "Janev, Evgeni"]
[Result "1-0"]
[WhiteElo "2308"]
[BlackElo "2461"]
[PlyCount "80"]
[EventDate "2009.??.??"]

1. d4 d6 2. c4 g6 3. Nc3 Bg7 4. e4 Nd7 5. Nf3 c5 6. d5 a6 7. Be2 Ngf6 8. O-O
O-O 9. Qc2 e6 10. Bf4 e5 11. Bd2 Kh8 12. Ne1 Ng8 13. Qc1 f5 14. f3 Ndf6 15. a4
b6 16. Nd3 Ra7 17. b4 fxe4 18. fxe4 cxb4 19. Nxb4 Raf7 20. Nc6 Qc7 21. a5 bxa5
22. c5 dxc5 23. Be3 Bd7 24. Bxc5 Bxc6 25. Bxf8 Rxf8 26. dxc6 Bh6 27. Qa3 Qxc6
28. Nd5 Nxd5 29. Rxf8 Bxf8 30. Qxf8 Nf4 31. Bf1 Qxe4 32. Rd1 Qe3+ 33. Kh1 Ne6
34. Qc8 Qb3 35. Rc1 Kg7 36. Bc4 Qe3 37. Bxe6 Nf6 38. Rf1 Qb6 39. Bc4 e4 40.
Qxa6 Qc7 1-0

[Event "2nd International Chess Festiv"]
[Site "Paracin"]
[Date "2009.08.20"]
[Round "2.5"]
[White "Martinovic, Slobodan"]
[Black "Popovic, Aleksandar M"]
[Result "1-0"]
[WhiteElo "2452"]
[BlackElo "2300"]
[PlyCount "71"]
[EventDate "2009.??.??"]

1. d4 Nf6 2. Nf3 g6 3. g3 Bg7 4. Bg2 O-O 5. O-O d6 6. Re1 Nbd7 7. e4 e5 8. Nc3
exd4 9. Nxd4 Ne5 10. h3 a6 11. f4 Nc6 12. Be3 Bd7 13. Qd2 Re8 14. Rad1 Qc8 15.
Kh2 h5 16. Bf2 Rb8 17. Nf3 Rd8 18. Nd5 Re8 19. Ng5 Nxd5 20. exd5 Ne7 21. Bd4
Nf5 22. Rxe8+ Qxe8 23. Bxg7 Kxg7 24. Qc3+ f6 25. Re1 Qd8 26. Be4 Nh6 27. Bd3
Ng8 28. f5 gxf5 29. Ne6+ Bxe6 30. Rxe6 c6 31. Bxf5 cxd5 32. Qf3 Qb6 33. Bd3 Rf8
34. Kg2 d4 35. Qxh5 Rf7 36. Bg6 1-0

[Event "2nd International Chess Festiv"]
[Site "Paracin"]
[Date "2009.08.20"]
[Round "2.6"]
[White "Bojovic, Dusan"]
[Black "Tosic, Miroslav"]
[Result "1/2-1/2"]
[WhiteElo "2286"]
[BlackElo "2438"]
[PlyCount "51"]
[EventDate "2009.??.??"]

1. e4 d6 2. d4 Nf6 3. Nc3 g6 4. Nf3 Bg7 5. Bc4 O-O 6. Qe2 Nc6 7. h3 Nd7 8. Be3
Nb6 9. Bb3 Na5 10. O-O c6 11. e5 d5 12. Na4 Nxa4 13. Bxa4 Nc4 14. Bc1 b5 15.
Bb3 a5 16. c3 b4 17. Bxc4 dxc4 18. Bd2 Qd5 19. Rfe1 bxc3 20. Bxc3 Bf5 21. Nd2
Bd3 22. Qe3 Rfb8 23. Ne4 Bxe4 24. Qxe4 a4 25. a3 Qxe4 26. Rxe4 1/2-1/2

[Event "2nd International Chess Festiv"]
[Site "Paracin"]
[Date "2009.08.20"]
[Round "2.7"]
[White "Janev, Evgeni"]
[Black "Dudukovic, Nikola"]
[Result "1-0"]
[WhiteElo "2461"]
[BlackElo "2260"]
[PlyCount "53"]
[EventDate "2009.??.??"]

1. d4 Nf6 2. c4 c5 3. d5 e6 4. Nc3 exd5 5. cxd5 d6 6. e4 g6 7. Bd3 Bg7 8. h3
O-O 9. Nf3 Re8 10. O-O c4 11. Bxc4 Nxe4 12. Nxe4 Rxe4 13. Bg5 Qb6 14. Bd3 Re8
15. Re1 Bd7 16. b3 Na6 17. Bxa6 Qxa6 18. Qd2 Qb5 19. Rac1 Bf5 20. Bh6 Bf6 21.
g4 Bd7 22. Qf4 Bg7 23. Bxg7 Kxg7 24. Rxe8 Rxe8 25. Rc7 Re2 26. Qd4+ Kg8 27. a4
1-0

[Event "2nd International Chess Festiv"]
[Site "Paracin"]
[Date "2009.08.20"]
[Round "2.8"]
[White "Milosevic, Aleksandar"]
[Black "Pancevski, Filip"]
[Result "0-1"]
[WhiteElo "2280"]
[BlackElo "2422"]
[PlyCount "72"]
[EventDate "2009.08.19"]

1. Nf3 g6 2. d4 Bg7 3. c4 d6 4. Nc3 Nf6 5. e4 O-O 6. Be2 e5 7. O-O Nc6 8. d5
Ne7 9. b4 a5 10. Ba3 axb4 11. Bxb4 Nd7 12. Nd2 f5 13. Nb3 Nf6 14. exf5 Nxf5 15.
c5 Nh4 16. Nb5 Ne4 17. Bd3 Nf3+ 18. Qxf3 Rxf3 19. Bxe4 Ra4 20. Bxf3 Rxb4 21.
Be2 Bd7 22. Nc3 Qg5 23. Rfd1 e4 24. Rac1 e3 25. Bf3 Be5 26. c6 bxc6 27. Ne4
Rxe4 28. Bxe4 e2 29. Re1 Qh4 30. f4 Bxf4 31. Rxe2 Qxh2+ 32. Kf2 Bxc1 33. dxc6
Qf4+ 34. Kg1 Bg4 35. Bd5+ Kg7 36. Re7+ Kh6 0-1

[Event "2nd International Chess Festiv"]
[Site "Paracin"]
[Date "2009.08.20"]
[Round "2.9"]
[White "Maksimovic, Branimir"]
[Black "Radosavljevic, Slobodan D"]
[Result "0-1"]
[WhiteElo "2421"]
[BlackElo "2248"]
[PlyCount "68"]
[EventDate "2009.08.19"]

1. Nf3 c5 2. c4 Nf6 3. Nc3 g6 4. g3 Bg7 5. Bg2 O-O 6. O-O Nc6 7. d3 d6 8. a3
Bd7 9. Rb1 Rb8 10. b4 b6 11. b5 Nd4 12. Nxd4 cxd4 13. Nd5 Nxd5 14. Bxd5 Be6 15.
Bd2 Bxd5 16. cxd5 Rc8 17. Qa4 Qd7 18. Rfc1 Rc5 19. Qb3 Qf5 20. a4 h5 21. Bb4
Rxd5 22. Rc7 Re5 23. Qd1 Qe6 24. Rb2 h4 25. Rxa7 Rc8 26. Rc2 Rxc2 27. Qxc2 Rxe2
28. Qd1 h3 29. Bd2 Bh6 30. Bb4 Rb2 31. Be1 Qd5 32. f3 Be3+ 33. Kf1 Rxh2 34. Rc7
Qa2 0-1

[Event "2nd International Chess Festiv"]
[Site "Paracin"]
[Date "2009.08.20"]
[Round "2.10"]
[White "Djosic, Slavoljub"]
[Black "Solomunovic, Igor"]
[Result "1-0"]
[WhiteElo "2258"]
[BlackElo "2421"]
[PlyCount "115"]
[EventDate "2009.08.19"]

1. e4 c5 2. b3 e6 3. Bb2 Nf6 4. e5 Nd5 5. c4 Nb6 6. Qg4 Nc6 7. Nf3 d6 8. exd6
e5 9. Qg3 f6 10. Bd3 Qxd6 11. Bxh7 Be6 12. Bg6+ Bf7 13. Bxf7+ Kxf7 14. Nc3 e4
15. Nh4 Qxg3 16. fxg3 Nb4 17. O-O Nd3 18. Rab1 Re8 19. Nf5 g6 20. Ne3 Bg7 21.
g4 Kg8 22. Ba1 Nd7 23. Ncd5 Re6 24. Nc7 Rc6 25. Ne8 N7e5 26. Nd5 Kf7 27. Nexf6
Bxf6 28. g5 Nf3+ 29. gxf3 Bxa1 30. Rxa1 Rh5 31. f4 Rh4 32. Nf6 Re6 33. f5 Re5
34. fxg6+ Kxg6 35. Nd7 Rxg5+ 36. Kh1 Rf5 37. Rxf5 Kxf5 38. Rf1+ Ke6 39. Nf8+
Kd6 40. Kg2 Rh8 41. Ng6 Rg8 42. Rf6+ Kc7 43. Kf1 Nc1 44. h4 Rg7 45. h5 Rh7 46.
Nf4 Nxa2 47. Ne6+ Kc8 48. h6 Nc1 49. Nxc5 b6 50. Nxe4 Nxb3 51. Ke2 Kb7 52. Kd3
a5 53. Kc3 a4 54. d4 Re7 55. Nd6+ Ka6 56. Rf8 Rh7 57. Nb5 a3 58. Kxb3 1-0

[Event "2nd International Chess Festiv"]
[Site "Paracin"]
[Date "2009.08.20"]
[Round "2.11"]
[White "Zlatanovic, Boroljub"]
[Black "Dimitrijevic, Radmilo"]
[Result "1/2-1/2"]
[WhiteElo "2413"]
[BlackElo "2228"]
[PlyCount "107"]
[EventDate "2009.08.19"]

1. Nf3 d5 2. c4 e6 3. g3 c5 4. Bg2 Nc6 5. O-O Nf6 6. cxd5 exd5 7. d4 Be7 8. Nc3
O-O 9. Bg5 c4 10. b3 Qa5 11. Qc2 Be6 12. a3 cxb3 13. Qxb3 Rac8 14. Rfc1 Ne4 15.
Bxe7 Nxe7 16. Qa4 Qxa4 17. Nxa4 Nc6 18. e3 Na5 19. Bf1 Bd7 20. Nc5 Nxc5 21.
Rxc5 Rxc5 22. dxc5 Nb3 23. Rd1 Be6 24. Nd4 Nxc5 25. Nb5 a6 26. Nc3 Rd8 27. Bg2
Kf8 28. Nxd5 Bxd5 29. Bxd5 Na4 30. Bf3 Rxd1+ 31. Bxd1 Nc3 32. Bc2 h6 33. Kf1
Ke7 34. Ke1 Kd6 35. Kd2 Nd5 36. e4 Nb6 37. Bb3 f6 38. f4 Nd7 39. Kc3 Nc5 40.
Bc2 Ne6 41. Kc4 Nc7 42. Bd1 Ne6 43. Bg4 Nc7 44. Bf3 b6 45. Be2 Ne6 46. Bg4 Nc5
47. Bc8 Kc7 48. Bf5 Kd6 49. h4 Ne6 50. Bg4 Nc5 51. Bf3 Ne6 52. Be2 g5 53. hxg5
hxg5 54. Bg4 1/2-1/2

[Event "2nd International Chess Festiv"]
[Site "Paracin"]
[Date "2009.08.20"]
[Round "2.12"]
[White "Nestorovic, Lazar"]
[Black "Nestorovic, Dejan"]
[Result "1/2-1/2"]
[WhiteElo "2240"]
[BlackElo "2405"]
[PlyCount "42"]
[EventDate "2009.08.19"]

1. d4 d5 2. Nf3 Nf6 3. e3 c6 4. b3 Bg4 5. Bb2 e6 6. Nbd2 Bd6 7. Bd3 Nbd7 8. h3
Bh5 9. Qe2 O-O 10. e4 dxe4 11. Nxe4 Nxe4 12. Qxe4 Bg6 13. Qe2 Bxd3 14. Qxd3
Qa5+ 15. Qd2 Qxd2+ 16. Nxd2 Bb4 17. a3 Bxd2+ 18. Kxd2 Rfd8 19. Ke2 Nf6 20. Rad1
Rd5 21. Rd3 Rad8 1/2-1/2

[Event "2nd International Chess Festiv"]
[Site "Paracin"]
[Date "2009.08.20"]
[Round "2.13"]
[White "Sarenac, David"]
[Black "Radlovacki, Jovan"]
[Result "0-1"]
[WhiteElo "2227"]
[BlackElo "2380"]
[PlyCount "84"]
[EventDate "2009.08.19"]

1. e4 c6 2. d4 d5 3. Nc3 b5 4. exd5 b4 5. Ne4 cxd5 6. Ng3 e6 7. Nf3 Qb6 8. Bd3
Ba6 9. O-O Nf6 10. Bg5 Nbd7 11. Re1 Bxd3 12. Qxd3 Bd6 13. Nf5 O-O 14. Nxd6 Qxd6
15. a3 a5 16. axb4 axb4 17. Nd2 Rfc8 18. Nb3 Ne4 19. Be3 Qc6 20. f3 Nd6 21.
Rxa8 Rxa8 22. Ra1 Nc4 23. Bc1 Rxa1 24. Nxa1 Qa4 25. Nb3 Qa2 26. Kf2 h6 27. Kg3
Qb1 28. h4 Nf6 29. Kh2 Nxb2 30. Qb5 Qxc2 31. Qxb4 Qf2 32. Qb8+ Kh7 33. Qg3 Qc2
34. Bxb2 Qxb2 35. Qb8 Qf2 36. Qg3 Qe3 37. Qb8 Ng8 38. Kh3 Ne7 39. Qb7 Nf5 40.
Qb8 Nxd4 41. Nxd4 Qxd4 42. Qb7 Qf4 0-1

[Event "2nd International Chess Festiv"]
[Site "Paracin"]
[Date "2009.08.20"]
[Round "2.14"]
[White "Stojkovic, Miroljub"]
[Black "Mrkonjic, Nenad"]
[Result "0-1"]
[WhiteElo "2226"]
[BlackElo "2370"]
[Annotator ",compaq"]
[PlyCount "140"]
[EventDate "2009.08.19"]

1. d4 Nf6 2. Nf3 e6 3. e3 c5 4. Nbd2 b6 5. Bd3 Be7 6. O-O Ba6 7. c4 cxd4 8.
exd4 O-O 9. Qe2 Nc6 10. a3 d5 11. Rd1 g6 12. c5 Bxd3 13. Qxd3 a5 14. Qb5 Na7
15. Qxb6 Qxb6 16. cxb6 Nc6 17. Nb3 Rfb8 18. Nc5 Rxb6 19. Na4 Rb7 20. Bf4 Nd7
21. Rac1 $11 Na7 22. Ne5 Nxe5 23. Bxe5 f6 24. Bf4 Kf7 25. Rc2 Rc8 26. Rxc8 Nxc8
27. Rc1 Nb6 28. Nc5 Ra7 29. b3 Ra8 30. a4 Nc8 31. Nb7 g5 32. Bd2 Rb8 33. Nxa5
Bd6 34. g3 Ke8 35. b4 Nb6 36. Nc6 Rc8 37. a5 Nc4 38. Na7 Ra8 39. Nb5 Kd7 40.
Nxd6 Kxd6 41. Bc3 Kc6 42. Re1 Re8 43. f4 g4 44. f5 e5 45. dxe5 fxe5 46. f6 Kb5
47. f7 Rf8 48. Bxe5 Rxf7 49. Bf4 Kxb4 50. a6 Ra7 51. Rb1+ Kc5 52. Rb7 Rxa6 53.
Rxh7 Ra1+ 54. Kf2 Ra2+ 55. Ke1 Kd4 56. Rg7 Ke4 57. Bh6 Ne5 58. Re7 Kf5 59. Bf4
Nd3+ 60. Kd1 Rxh2 61. Rf7+ Ke4 62. Re7+ Kf5 63. Rf7+ Ke6 64. Rg7 Nxf4 65. gxf4
Kf5 66. Rf7+ Ke4 67. Ke1 Kf3 68. f5 g3 69. Re7 Rh1+ 70. Kd2 g2 0-1

[Event "2nd International Chess Festiv"]
[Site "Paracin"]
[Date "2009.08.20"]
[Round "2.15"]
[White "Ristic, Nebojsa B"]
[Black "Radusinovic, Lazar"]
[Result "1/2-1/2"]
[WhiteElo "2364"]
[BlackElo "2185"]
[Annotator ",compaq"]
[PlyCount "162"]
[EventDate "2009.08.19"]

1. d4 Nf6 2. Nf3 e6 3. e3 b6 4. Bd3 Ba6 5. c4 Be7 6. O-O O-O 7. b3 c5 8. Bb2 d6
9. Nbd2 Nbd7 10. Qe2 Qc7 11. Ng5 h6 12. Nge4 Bb7 13. Ng3 Rad8 14. f4 Rfe8 15.
Nf3 Bf8 16. Rad1 Qb8 17. Bb1 Qa8 18. Qc2 cxd4 19. exd4 d5 20. Ne5 Ne4 21. Nxd7
Rxd7 22. f5 exf5 23. Nxf5 g6 $11 24. Nh4 Bg7 25. Nf3 Qd8 26. Ne5 Bxe5 27. dxe5
d4 28. Qc1 Rxe5 29. Qxh6 Rh5 30. Qf4 Rf5 31. Qh6 Rh5 32. Qf4 Rf5 33. Qc1 Rxf1+
34. Rxf1 Qg5 35. Qxg5 Nxg5 36. Rd1 Ne6 37. Kf2 f5 38. Bd3 Be4 39. b4 Bxd3 40.
Rxd3 Rc7 41. Bxd4 Rxc4 42. Bc3 Ng5 43. Kf1 Ne4 44. Be1 Rc7 45. a4 Kf7 46. Rd8
Kf6 47. a5 bxa5 48. bxa5 a6 49. Ra8 Rc6 50. Bh4+ g5 51. Be1 Ke5 52. h4 gxh4 53.
Bxh4 Rc1+ 54. Ke2 Rc2+ 55. Kd1 Rxg2 56. Rxa6 Ra2 57. Ra8 Kd4 58. Kc1 Kc3 59.
Be1+ Kb3 60. Rb8+ Kc4 61. Kb1 Re2 62. Bb4 Kb3 63. a6 Rb2+ 64. Kc1 Ra2 65. Ba5+
Kc4 66. a7 Rxa5 67. a8=Q Rxa8 68. Rxa8 Kd4 $11 69. Kd1 Ke3 70. Ke1 Kf3 71. Ra3+
Kf4 72. Ke2 Ng3+ 73. Kf2 Ne4+ 74. Kg2 Kg4 75. Ra8 Kf4 76. Rg8 Nf6 77. Rb8 Ne4
78. Rb4 Kg4 79. Ra4 Kf4 80. Ra5 Kg4 81. Rxf5 Kxf5 1/2-1/2

[Event "2nd International Chess Festiv"]
[Site "Paracin"]
[Date "2009.08.20"]
[Round "2.16"]
[White "Pantic, Ivica"]
[Black "Brankovic, Dejan"]
[Result "1/2-1/2"]
[WhiteElo "2197"]
[BlackElo "2358"]
[PlyCount "122"]
[EventDate "2009.08.19"]

1. d4 Nf6 2. c4 e6 3. Nf3 Bb4+ 4. Nbd2 b6 5. g3 Bb7 6. Bg2 Ne4 7. O-O Nxd2 8.
Bxd2 Bxd2 9. Qxd2 d6 10. Rfe1 Nd7 11. e4 e5 12. dxe5 Nxe5 13. Nd4 O-O 14. f4
Nd7 15. e5 Bxg2 16. e6 Bb7 17. e7 Qc8 18. exf8=Q+ Nxf8 19. Re7 Ng6 20. Re3 c5
21. Nb5 Qc6 22. Qd5 Qd7 23. Qxd6 Qh3 24. Qd2 Nf8 25. Rae1 Rd8 26. Qe2 g6 27.
Nc3 Ne6 28. g4 Qh4 29. Rxe6 fxe6 30. Qxe6+ Kh8 31. Nd5 Bxd5 32. cxd5 h5 33.
gxh5 Qxf4 34. Qe5+ Qxe5 35. Rxe5 gxh5 36. Kf2 Kg7 37. Ke3 h4 38. Ke4 Kf7 39.
Rh5 Re8+ 40. Kd3 Rg8 41. Rxh4 Ke7 42. Kc4 Rg2 43. Rh7+ Kd6 44. Rh6+ Kd7 45.
Rh7+ Kd6 46. Rh6+ Kd7 47. Kc3 Rf2 48. a4 Rf4 49. b3 Rd4 50. Rh3 Kd6 51. Rd3 Rh4
52. h3 a6 53. Kd2 b5 54. a5 c4 55. bxc4 bxc4 56. Rg3 Kxd5 57. Kc3 Rh5 58. Kb4
Kd4 59. Rg4+ Kd3 60. Rg3+ Kd4 61. Rg4+ Kd3 1/2-1/2

[Event "2nd International Chess Festiv"]
[Site "Paracin"]
[Date "2009.08.20"]
[Round "2.17"]
[White "Zivkovic, Ivan B"]
[Black "Kasparova, Tatiana"]
[Result "0-1"]
[WhiteElo "2341"]
[BlackElo "2169"]
[PlyCount "58"]
[EventDate "2009.08.19"]

1. e4 c6 2. d4 d5 3. Nc3 dxe4 4. Nxe4 Bf5 5. Ng3 Bg6 6. Nf3 Nd7 7. h4 h6 8. h5
Bh7 9. Bd3 Bxd3 10. Qxd3 e6 11. Bf4 Bb4+ 12. c3 Be7 13. O-O-O Ngf6 14. Ne1 O-O
15. f3 Qa5 16. Kb1 c5 17. Nc2 Rac8 18. Ne4 cxd4 19. Nxd4 Rfd8 20. Bc1 Nc5 21.
Nxc5 Qxc5 22. Qe2 Nd5 23. g4 Qb6 24. Ka1 Rxc3 25. Nb3 Rxb3 26. Rxd5 Rxd5 27.
axb3 Qxb3 28. Kb1 Ra5 29. Be3 Re5 0-1

[Event "2nd International Chess Festiv"]
[Site "Paracin"]
[Date "2009.08.20"]
[Round "2.18"]
[White "Nestorovic, Irena"]
[Black "Milenkovic, Mladen"]
[Result "0-1"]
[WhiteElo "2038"]
[BlackElo "2336"]
[PlyCount "118"]
[EventDate "2009.08.19"]

1. d4 Nf6 2. c4 e6 3. Nc3 Bb4 4. e3 b6 5. Bd3 Bb7 6. Nf3 Ne4 7. Qb3 Bxc3+ 8.
bxc3 Ng5 9. Nxg5 Qxg5 10. Rg1 d6 11. Bd2 Qh5 12. Qb5+ Qxb5 13. cxb5 a6 14. c4
Nd7 15. a4 O-O 16. f3 f5 17. Bb4 e5 18. Kf2 a5 19. Bc3 Rae8 20. Rge1 e4 21. Bc2
exf3 22. gxf3 Rf6 23. h4 Bc8 24. Rg1 f4 25. e4 Rh6 26. Rh1 Nf6 27. c5 dxc5 28.
dxc5 Nh5 29. Bb3+ Kf8 30. Rad1 Ng3 31. Rh2 g5 32. Bd5 g4 33. Bd2 Nxe4+ 34. Bxe4
g3+ 35. Kg2 gxh2 36. Bxf4 Rxh4 37. Bxc7 bxc5 38. Bd6+ Kf7 39. Bxc5 Rg8+ 40. Kh1
Rh5 41. Be3 Bf5 42. Bd5+ Be6 43. Be4 Bb3 44. Rd7+ Ke6 45. Rd4 Bd5 46. Bxd5+
Rxd5 47. Rh4 Rd3 48. Bb6 Rxf3 49. Kxh2 Ra3 50. Bxa5 Rc8 51. Rh6+ Kd5 52. Bb6
Rc2+ 53. Kh1 Ra1+ 54. Bg1 Rcc1 55. Rh5+ Kd6 56. Rh6+ Ke5 57. Rh5+ Kf6 58. Rxh7
Rxg1+ 59. Kh2 Rh1+ 0-1

[Event "2nd International Chess Festiv"]
[Site "Paracin"]
[Date "2009.08.20"]
[Round "2.19"]
[White "Milosavljevic, Milica"]
[Black "Simantsev, Mikhail"]
[Result "0-1"]
[WhiteElo "1786"]
[BlackElo "2527"]
[PlyCount "52"]
[EventDate "2009.08.19"]

1. Nc3 c5 2. Nf3 e6 3. d4 cxd4 4. Nxd4 a6 5. e4 b5 6. Be2 Bb7 7. Bf3 Qc7 8. O-O
b4 9. Nce2 Bd6 10. Ng3 Nf6 11. Re1 Be5 12. Qd3 O-O 13. Bd2 a5 14. c3 Na6 15.
Rac1 Nc5 16. Qc2 Rfc8 17. cxb4 axb4 18. Nb3 Na4 19. Qxc7 Rxc7 20. Rxc7 Bxc7 21.
Bxb4 Nxb2 22. Rc1 Bxg3 23. hxg3 Nd3 24. Rc7 Bc6 25. Bc5 Nxc5 26. Nxc5 Ne8 0-1

[Event "2nd International Chess Festiv"]
[Site "Paracin"]
[Date "2009.08.20"]
[Round "2.20"]
[White "Kojovic, Dragan"]
[Black "Zajic, Milan"]
[Result "1-0"]
[WhiteElo "2373"]
[BlackElo "1933"]
[Annotator ",compaq"]
[PlyCount "105"]
[EventDate "2009.08.19"]

1. c4 e5 2. Nc3 Nf6 3. Nf3 Nc6 4. e4 Bb4 5. d3 d6 6. g3 O-O 7. Bg2 h6 8. O-O a6
9. h3 Bc5 10. Be3 Nd4 11. Bxd4 Bxd4 12. Nxd4 exd4 13. Ne2 c5 14. f4 Rb8 15. Qd2
b5 16. b3 bxc4 17. bxc4 Qb6 18. Rf2 Qb2 19. Qxb2 Rxb2 20. Nc1 Rb6 21. Nb3 Bb7
22. Re1 Nd7 23. Ree2 Ba8 24. h4 Bc6 25. Bh3 Ba4 26. Na5 Rfb8 27. Kh2 Rb1 $11
28. e5 dxe5 29. fxe5 Nf8 30. Bg2 Rd1 31. Nb7 Ne6 32. Be4 Bd7 33. Nd6 Nd8 34.
Rb2 Rb1 35. Rxb8 Rxb8 36. Bd5 Be6 37. Ne4 Bxd5 38. cxd5 Rb5 39. Rc2 Nb7 40. a4
Rb3 41. d6 Kf8 42. Nxc5 Nxc5 43. Rxc5 Ke8 44. Rc8+ Kd7 45. Rc7+ Ke8 46. Re7+
Kf8 47. Ra7 Ke8 48. Ra8+ Kd7 49. Rf8 Rxd3 50. Rxf7+ Ke8 51. e6 Re3 52. d7+ Kd8
53. Rf8+ 1-0

[Event "2nd International Chess Festiv"]
[Site "Paracin"]
[Date "2009.08.20"]
[Round "2.21"]
[White "Lazic, Dragoljub"]
[Black "Mladenovic, Stefan"]
[Result "1-0"]
[WhiteElo "2317"]
[BlackElo "1978"]
[PlyCount "55"]
[EventDate "2009.08.19"]

1. e4 c5 2. Nf3 d6 3. d4 cxd4 4. Nxd4 Nf6 5. Nc3 g6 6. Be3 Bg7 7. f3 Nc6 8. Bc4
Bd7 9. Qd2 O-O 10. O-O-O Rc8 11. Bb3 Ne5 12. h4 h5 13. Bg5 Rc5 14. g4 hxg4 15.
f4 Nc4 16. Bxc4 Rxc4 17. Bxf6 Bxf6 18. Nd5 Re8 19. e5 dxe5 20. fxe5 Bg7 21. h5
Rc5 22. hxg6 fxg6 23. Qh2 Bf5 24. Rdf1 Rxd5 25. Qh7+ Kf7 26. Rxf5+ gxf5 27.
Qh5+ Kg8 28. e6 1-0

[Event "2nd International Chess Festiv"]
[Site "Paracin"]
[Date "2009.08.20"]
[Round "2.24"]
[White "Cvetanovic, Uros"]
[Black "Grujic, Nebojsa"]
[Result "0-1"]
[WhiteElo "2164"]
[BlackElo "2214"]
[PlyCount "74"]
[EventDate "2009.08.19"]

1. Nc3 d5 2. e4 e6 3. Nf3 Nf6 4. exd5 exd5 5. d4 Bd6 6. Qe2+ Be7 7. Bf4 O-O 8.
O-O-O c6 9. Nd2 a5 10. f3 b5 11. a4 b4 12. Ncb1 Nbd7 13. g4 Nb6 14. b3 Ba6 15.
Qg2 Bxf1 16. Nxf1 Ne8 17. Ne3 Bg5 18. Qg3 Bxf4 19. Qxf4 Qd6 20. Qg5 f6 21. Qh4
Qf4 22. Qf2 Nd6 23. Kb2 Qxe3 24. Qxe3 Nbc4+ 25. bxc4 Nxc4+ 26. Kc1 Nxe3 27.
Rde1 Nc4 28. Re6 Rfe8 29. Rxc6 Re2 30. Rd1 Rae8 31. Rc5 Rxh2 32. Nd2 Ree2 33.
Nxc4 Rxc2+ 34. Kb1 dxc4 35. Re1 Rb2+ 36. Kc1 Rhc2+ 37. Kd1 b3 0-1

[Event "2nd International Chess Festiv"]
[Site "Paracin"]
[Date "2009.08.20"]
[Round "2.26"]
[White "Lapcevic, Milos"]
[Black "Vucinic, Gojko"]
[Result "1-0"]
[WhiteElo "2390"]
[BlackElo "1937"]
[PlyCount "71"]
[EventDate "2009.08.19"]

1. d4 Nf6 2. c4 c5 3. d5 b5 4. cxb5 a6 5. b6 e6 6. Nc3 Nxd5 7. Nxd5 exd5 8.
Qxd5 Nc6 9. Nf3 Be7 10. e4 Rb8 11. Bc4 O-O 12. O-O Rxb6 13. Bd2 d6 14. Bc3 Be6
15. Qd3 Bf6 16. Rfd1 Bxc4 17. Qxc4 Bxc3 18. bxc3 Qb8 19. Qd5 Ne7 20. Qg5 f6 21.
Qh5 Qc8 22. Nd2 Qe6 23. Qe2 d5 24. Qe3 dxe4 25. Nxe4 Rc8 26. Qf3 Rb2 27. a4 f5
28. Ng5 Qf6 29. Nh3 Rcb8 30. Nf4 Rc2 31. Nd5 Nxd5 32. Qxd5+ Kh8 33. Rab1 Re8
34. c4 Qe7 35. h3 h6 36. Rd3 1-0

[Event "2nd International Chess Festiv"]
[Site "Paracin"]
[Date "2009.08.20"]
[Round "2.28"]
[White "Djuretanovic, Ivan"]
[Black "Tausanov, Mihail"]
[Result "0-1"]
[WhiteElo "2150"]
[BlackElo "1914"]
[PlyCount "90"]
[EventDate "2009.08.19"]

1. e4 c5 2. Nf3 Nc6 3. d4 cxd4 4. Nxd4 g6 5. Nxc6 bxc6 6. Qd4 Nf6 7. e5 Nd5 8.
e6 f6 9. exd7+ Bxd7 10. Bd3 Bg7 11. h4 e5 12. Qc4 f5 13. Nc3 Nxc3 14. bxc3 e4
15. Be2 Qf6 16. Bd2 Qd6 17. Rd1 Be6 18. Qa4 Qc7 19. h5 Rd8 20. O-O O-O 21. Bg5
Rde8 22. hxg6 hxg6 23. Bc4 Qf7 24. Bxe6 Qxe6 25. Qxa7 Rf7 26. Qe3 Be5 27. Bf4
Rh7 28. g3 Bxf4 29. Qxf4 Qxa2 30. Rd6 Rg7 31. Re1 c5 32. Qd2 Kh7 33. Kg2 Qa8
34. Qf4 e3+ 35. f3 Qa2 36. Re2 Qf7 37. Rxe3 g5 38. Qe5 Rxe5 39. Rxe5 f4 40.
Ree6 Qf5 41. Re4 fxg3 42. Rde6 g4 43. f4 Qh5 44. Kxg3 Qh3+ 45. Kf2 g3+ 0-1

[Event "2nd International Chess Festiv"]
[Site "Paracin"]
[Date "2009.08.20"]
[Round "2.29"]
[White "Gagic, Miroljub"]
[Black "Rajcevic, Stevan"]
[Result "0-1"]
[WhiteElo "1895"]
[BlackElo "2146"]
[PlyCount "64"]
[EventDate "2009.08.19"]

1. d4 d5 2. Nf3 Nf6 3. e3 Bg4 4. c4 c6 5. Nc3 e6 6. Be2 Bb4 7. O-O O-O 8. a3
Bd6 9. h3 Bh5 10. b4 Nbd7 11. Bb2 dxc4 12. Bxc4 e5 13. Be2 e4 14. Nd2 Bxe2 15.
Nxe2 Qe7 16. Qc2 Rfe8 17. Nb3 Nd5 18. Nc5 N7f6 19. Nc3 Rac8 20. Qe2 a6 21. Rac1
Bb8 22. g3 Rcd8 23. Nb3 h5 24. Nxd5 Rxd5 25. Kg2 Qc7 26. Rh1 Rg5 27. Kf1 Rf5
28. Rc5 Nd5 29. g4 Rf3 30. Ke1 Nxe3 31. Nd2 Ng2+ 32. Kd1 Nf4 0-1